Anime: Find the Killer (Very Hard) - Statistics

General Stats
  • This quiz has been taken 19 times
  • The average score is 2 of 30
Answer Stats
Hint Answer % Correct
Demon King Daimao Safe - Anime that started airing in the same year as me are safe.
64%
Shiki Safe - Any other anime about vampires are dead.
45%
Ajin Dead - I was abandoned by the anime with reboots even though we're all safe.
36%
GATE Killer - Damn! And I would've gotten away with it too if it wasn't for you meddling weebs!
27%
91 Days Safe - One reverse harem anime is dead and one is the killer.
18%
Arte Dead - A manga without an anime adaptation is a killer.
9%
Choujin X Dead - Goooo!
9%
Kiss Him Not Me Killer - Is being a murderer crazier than losing like 200lbs in a week?
9%
Death Parade Safe - All other anime with Tomoaki Maeno voicing a main character are dead.
9%
Bubble Safe - All the anime about rugby are dead.
9%
Brothers Conflict Dead - A harem and a reverse harem are the same.
0%
Try Knights Dead - Attack on Titan and Ajin are safe.
0%
The Girl Who Leapt Through Time Dead - I sacrificed myself to save the rest of the movies.
0%
Skeleton Knight in Another World Dead - I saved one sports anime before I died.
0%
Blend S Dead - I was killed by an anime made by a different studio.
0%
Strike the Blood Dead - I was killed by an anime that aired after 2000.
0%
Number 24 Dead - I was killed by an anime with a game adaptation.
0%
Attack on Titan Dead - One historical anime killed me, one died with me, and one is safe.
0%
Drifters Killer - Kyaa! Get out of here Pervert-chan!
0%
Dragon Ball GT Killer - Nani?! How did you know?!
0%
God Eater Killer - Ruh roh.
0%
The Fate of the Returned Hero Killer - Well, fuck.
0%
Shaman King Safe - 91 Days is safe.
0%
Chihayafuru Safe - All anime in the fourth row are lying. (Do the opposite of what they say.)
0%
Trigun: Badlands Rumble Safe - Anime made by the same studio as me are safe, except if the main character has black hair, then they are dead.
0%
Tamayomi Safe - Attack on Titan is not the killer.
0%
Fruits Basket Safe - It wasn't my idea to abandon Ajin! Someone from an anime with less than 5 minute long episodes told me to do it! They must be the killer!
0%
Fireworks Safe - No one in the first row is a killer.
0%
Bananya Safe - Someone with a harem is the killer.
0%
My Sweet Tyrant Safe - The reverse harem with over 8 love interests is dead.
0%
No matching quizzes found
Score Distribution
Percent of People with Each Score
Percentile by Number Answered
Your Score History
You have not taken this quiz